000 01565nam a2200301 a 4500
003 BLK
005 20250210124100.0
008 231030b bul|||||r ||||||| ||bul||
020 _a9789542730903
040 _aBLK
041 _aBUL
_cBUL
080 _aАнглийска литература
_b821.111
_x-93-91
_z821.111-93-91
084 _aФ 78
100 _aФрансис, Сюзън
_d1959 -
_gАнглийски автор на научна фантастика и на книги за деца.
_9350272
245 1 0 _aСтихии
_cадапт. Сюзън Франсис; прев. от англ. Иванка Ангелова
260 _aСофия
_bЕгмонт България
_c2023
_f(София : Лито Балкан)
300 _a64 с.
_bс цв. ил.
_c23 см
380 _aDX
490 _9205392
_aЕгмонт Чародейства
500 _aОриг. загл.: Elemental movie storybook. - Пълната форма на името на прев. Иванка Ангелова е Иванка Ангелова Георгиева-Владимирова
700 _aАнгелова, Иванка
_d1956-
_gФилолог, английска филология. Преводач от английски език
_qГеоргиева-Владимирова, Иванка Ангелова
_9377186
852 _aЦб 319873
_bЦб
856 4 _qpdf
856 4 _qpdf
942 _cKNG
_n0
_s1
944 _a30560
_cГеновева Генчева
_k30560
_lГеновева Генчева
999 _c496954
_d496954